MARC

LEADER 00000nam0a2200000 4500
001 176377
005 20231101223254.0
010 |b 500 экз. 
035 |a (RuTPU)RU\TPU\book\191217 
090 |a 176377 
100 |a 20100227d1967 k y0rusy50 ca 
101 0 |a rus 
102 |a RU 
105 |a af z 101zy 
200 1 |a Материалы научно-технического совещания по экономическому сжиганию бурых углей Канско-Ачинского бассейна, Красноярск, февраль 1966 г.  |f Красноярское краевое научно-техническое общество энергетической промышленности  
210 |a Красноярск  |d 1967 
215 |a 296 с.  |c ил.  |e 3 отд. л. черт. 
316 |5 63413507: ШкА2/379  |a На титульном листе дарственная надпись: "НТБ ТПИ от авторов. Ив. Лебедев. 29/IX-67 г." 
320 |a Библиогр. в конце докл. 
606 1 |a Котельно-топочная техника  |2 stltpush  |3 (RuTPU)RU\TPU\subj\15919  |9 42117 
610 1 |a бурый уголь 
610 1 |a сжигание 
610 1 |a совещания 
610 1 |a Канско-Ачинский угольный бассейн 
610 1 |a энергетическое топливо 
610 1 |a сульфатизация 
610 1 |a котлы 
610 1 |a сжигание 
610 1 |a смесеобразование 
610 1 |a очистка 
610 1 |a котлоагрегаты 
610 1 |a дарственная надпись 
610 1 |a дары библиотеке 
610 1 |a коллекция ТПУ 
675 |a 621.182  |v 3 
712 0 2 |a Красноярское краевое научно-техническое общество энергетической промышленности  |2 stltpush  |3 (RuTPU)RU\TPU\col\15650  |9 26204 
712 1 2 |a Экономическое сжигание бурых углей Канско-Ачинского бассейна  |c совещание  |e Красноярск  |f 1966 
801 1 |a RU  |b 63413507  |c 20100227 
801 2 |a RU  |b 63413507  |c 20200521  |g RCR 
942 |c BK